<?xml version="1.0" encoding="UTF-8"?><?xml-stylesheet type="text/xsl" href="static/style.xsl"?><OAI-PMH xmlns="http://www.openarchives.org/OAI/2.0/" xmlns:xsi="http://www.w3.org/2001/XMLSchema-instance" xsi:schemaLocation="http://www.openarchives.org/OAI/2.0/ http://www.openarchives.org/OAI/2.0/OAI-PMH.xsd"><responseDate>2026-06-01T09:13:08Z</responseDate><request verb="GetRecord" identifier="oai:riuma.uma.es:10630/21066" metadataPrefix="marc">https://riuma.uma.es/rest/oai/request</request><GetRecord><record><header><identifier>oai:riuma.uma.es:10630/21066</identifier><datestamp>2026-02-03T12:48:17Z</datestamp><setSpec>com_10630_2254</setSpec><setSpec>col_10630_37957</setSpec></header><metadata><record xmlns="http://www.loc.gov/MARC21/slim" xmlns:dcterms="http://purl.org/dc/terms/" xmlns:doc="http://www.lyncode.com/xoai" xmlns:xsi="http://www.w3.org/2001/XMLSchema-instance" xsi:schemaLocation="http://www.loc.gov/MARC21/slim http://www.loc.gov/standards/marcxml/schema/MARC21slim.xsd">
   <leader>00925njm 22002777a 4500</leader>
   <datafield ind2=" " ind1=" " tag="042">
      <subfield code="a">dc</subfield>
   </datafield>
   <datafield ind2=" " ind1=" " tag="720">
      <subfield code="a">Carballo Perez, Carlos</subfield>
      <subfield code="e">author</subfield>
   </datafield>
   <datafield ind2=" " ind1=" " tag="260">
      <subfield code="c">2021-03-10</subfield>
   </datafield>
   <datafield ind2=" " ind1=" " tag="520">
      <subfield code="a">El Virus de la Enfermedad de Linfocistis (LCDV) es una agente infeccioso de distribución cosmopolita que afecta a un amplio espectro de peces, incluyendo la dorada (Sparus aurata) y el lenguado senegalés (Solea senegalensis), causando graves pérdidas económicas en el sector acuícola. La ausencia de tratamientos efectivos frente a dicho virus requiere de estrategias que prevengan la aparición de brotes de enfermedad o mitiguen su sintomatología, así como los efectos negativos sobre el crecimiento. En la presente tesis doctoral se ha investigado la patogenia de la infección por LCDV y su relación con la respuesta inmunológica usando como modelo el lenguado senegalés. Además, se han realizados varios ensayos para evaluar los posibles efectos inmunomoduladores de extractos bioactivos de microalgas y glucanos de levadura que permitan reforzar la respuesta defensiva y de esta forma interferir en la propagación del virus. Para completar el estudio se ha realizado la evaluación genética para la susceptibilidad a la infección por LCDV en dorada. Los resultados obtenidos en esta tesis han demostrado que LCDV se trasmite horizontalmente a través del agua o el alimento en post-larvas de lenguado provocando una importante respuesta defensiva por parte del hospedador cuya intensidad y patrón temporal depende de la vía de infección. Las lesiones&#xd;
histopatológicas y la distribución de virus son específicos de la ruta de infección, aunque la severidad de los daños histopatológicos en piel y branquias en la infección por inmersión indican que estos órganos son la principal vía de entrada. Cuando el virus se inyecta intraperitonealmente a juveniles, éste se disemina rápidamente a través del torrente sanguíneo para alcanzar distintos órganos, siendo el riñón el de mayor carga viral. El lenguado responde con respuesta defensiva sistémica e intensa que implica varias rutas defensivas para hacer frente a dicha infección, reduciendo progresivamente la carga viral.</subfield>
   </datafield>
   <datafield ind1="8" ind2=" " tag="024">
      <subfield code="a">https://hdl.handle.net/10630/21066</subfield>
   </datafield>
   <datafield tag="653" ind2=" " ind1=" ">
      <subfield code="a">Peces - Enfermedades - Tesis doctorales</subfield>
   </datafield>
   <datafield tag="653" ind2=" " ind1=" ">
      <subfield code="a">Peces - Infecciones - Tesis doctorales</subfield>
   </datafield>
   <datafield tag="653" ind2=" " ind1=" ">
      <subfield code="a">Doradas - Enfermedades - Tesis doctorales</subfield>
   </datafield>
   <datafield tag="653" ind2=" " ind1=" ">
      <subfield code="a">Doradas - Infecciones - Tesis doctorales</subfield>
   </datafield>
   <datafield tag="653" ind2=" " ind1=" ">
      <subfield code="a">Lenguados - Enfermedades -Tesis doctorales</subfield>
   </datafield>
   <datafield tag="653" ind2=" " ind1=" ">
      <subfield code="a">Lenguados - Infecciones - Tesis doctorales</subfield>
   </datafield>
   <datafield ind2="0" ind1="0" tag="245">
      <subfield code="a">Genetic estimates and immune response associated with the Lymphocystis Disease Virus (LCDV) in marine fish</subfield>
   </datafield>
</record>
</metadata></record></GetRecord></OAI-PMH>